Un plànol de la sèquia de la Vila del segle xiv, ciutat de Mallorca /

Bibliographic Details
Main Author: Fontanals Jaumà, Reis
Format: Book
Language:Spanish
Published: [Palma de Mallorca] : Ajuntament de Palma, 1984.
Series:Quaderns de ca la gran cristiana ; 1984-5.
Subjects:

MARC

Tag First Indicator Second Indicator Subfields
LEADER 00000cam a2200000 a 4500
001 in00000016692
005 20151007052835.0
008 880531s1984 sp ab b 00010 spa d
035 |a (OCoLC)18023512 
035 |9 AAA9387AM 
040 |a TXA  |c TXA  |d UtOrBLW 
043 |a e-sp--- 
049 |a TXAM  |c [A10212525] 
050 4 |a DP402.P33  |b F66 1984 
100 1 |a Fontanals Jaumà, Reis. 
245 1 3 |a Un plànol de la sèquia de la Vila del segle xiv, ciutat de Mallorca /  |c Reis Fontanals Jaumà. 
264 1 |a [Palma de Mallorca] :  |b Ajuntament de Palma,  |c 1984. 
300 |a 93 pages :  |b illustrations, maps ;  |c 28 cm. 
336 |a text  |b txt  |2 rdacontent 
337 |a unmediated  |b n  |2 rdamedia 
338 |a volume  |b nc  |2 rdacarrier 
490 1 |a Quaderns de ca la gran cristiana ;  |v 5-1984 
500 |a "Premi Jaume I, 1984." 
504 |a Includes bibliographical references. 
651 0 |a Palma de Mallorca (Spain)  |x History. 
830 0 |a Quaderns de ca la gran cristiana ;  |v 1984-5. 
999 |a MARS 
999 f f |s 1e130575-ce89-31c9-827b-d4685e2b8d35  |i c2b2c934-5105-3568-8b96-109184d970ee  |t 0 
952 f f |p ric  |a Texas A&M University  |b Rellis Campus  |c Joint Library Facility  |d Remote Storage  |t 0  |e DP402.P33 F66 1986  |h Library of Congress classification  |i unmediated -- volume  |m A14810212525 
998 f f |a DP402.P33 F66 1986  |t 0  |l Remote Storage